| 000 | 00579nam a2200205Ia 4500 | ||
|---|---|---|---|
| 003 | GCL | ||
| 008 | 140319s9999 xx 000 0 ara d | ||
| 040 |
_aGCL / _cGCL |
||
| 082 | 0 | 4 |
_a810.9 _bط ا |
| 100 | 1 | _aطه حسين | |
| 245 | 1 | 0 |
_aاسلاميات / _cطه حسين |
| 260 |
_aبيروت : _bدار العلم للملايين ، _c1991 |
||
| 300 |
_a1032 ص ؛ _c24 سم |
||
| 490 | _a | ||
| 650 | 0 | 4 | _aالاسلام |
| 650 | 0 | 4 | _aالاسلام - تاريخ |
| 650 | 0 | 4 | _aالخلفاء الراشدون |
| 650 | 0 | 4 | _aالاسلام - مصر |
| 942 |
_2ddc _cBK |
||
| 999 |
_c40443 _d40443 |
||